| 000 | 00534nam a2200193 a 4500 | ||
|---|---|---|---|
| 001 | 158063 | ||
| 003 | OSt | ||
| 005 | 20211124152012.0 | ||
| 008 | 200703 ### ENG | ||
| 020 | _a9780198708452 | ||
| 082 |
_a361.4 _bH71S |
||
| 100 | _aHolland, Sally | ||
| 245 |
_aSocial work : a very short introduction _cby Sally Holland and Jonathan Scourfield |
||
| 260 |
_aOxford _bOxford University Press _c2015 |
||
| 300 | _axiii, 121p. | ||
| 690 | _aSocial service | ||
| 700 | _aScourfield, Jonathan | ||
| 942 |
_2ddc _cBK |
||
| 999 |
_c20328 _d20328 |
||